| 000 | 00457nam a2200097Ia 4500 | ||
|---|---|---|---|
| 008 | 180130s9999 xx 000 0 und d | ||
| 245 |
_cPerroni, Emilia _aSome observations on the exhibition "there are no childish games" at the Holocaust Museum of Yad Vashem in Jerusalem |
||
| 260 | _c2014 | ||
| 300 | _aBook title: Play : psychoanalytic perspectives, survival and human development--Acession number C18636; pages 87-90 | ||
| 650 | _aPLAY--PSYCHOLOGICAL ASPECTS | ||
| 999 |
_c354507 _d354507 |
||